<?xml version="1.0" encoding="UTF-8"?><?xml-stylesheet type="text/xsl" href="static/style.xsl"?><OAI-PMH xmlns="http://www.openarchives.org/OAI/2.0/" xmlns:xsi="http://www.w3.org/2001/XMLSchema-instance" xsi:schemaLocation="http://www.openarchives.org/OAI/2.0/ http://www.openarchives.org/OAI/2.0/OAI-PMH.xsd"><responseDate>2026-04-17T20:13:26Z</responseDate><request verb="GetRecord" identifier="oai:www.recercat.cat:2445/162569" metadataPrefix="marc">https://recercat.cat/oai/request</request><GetRecord><record><header><identifier>oai:recercat.cat:2445/162569</identifier><datestamp>2025-12-05T11:56:09Z</datestamp><setSpec>com_2072_1057</setSpec><setSpec>col_2072_478916</setSpec><setSpec>col_2072_478917</setSpec><setSpec>col_2072_478927</setSpec></header><metadata><record xmlns="http://www.loc.gov/MARC21/slim" xmlns:dcterms="http://purl.org/dc/terms/" xmlns:xsi="http://www.w3.org/2001/XMLSchema-instance" xmlns:doc="http://www.lyncode.com/xoai" xsi:schemaLocation="http://www.loc.gov/MARC21/slim http://www.loc.gov/standards/marcxml/schema/MARC21slim.xsd">
   <leader>00925njm 22002777a 4500</leader>
   <datafield ind2=" " ind1=" " tag="042">
      <subfield code="a">dc</subfield>
   </datafield>
   <datafield ind2=" " ind1=" " tag="720">
      <subfield code="a">Ballester Palacios, M. L. (Maria Lluïsa)</subfield>
      <subfield code="e">author</subfield>
   </datafield>
   <datafield ind2=" " ind1=" " tag="720">
      <subfield code="a">Pons-Prat, Montserrat</subfield>
      <subfield code="e">author</subfield>
   </datafield>
   <datafield ind2=" " ind1=" " tag="720">
      <subfield code="a">Bolibar, Ignasi</subfield>
      <subfield code="e">author</subfield>
   </datafield>
   <datafield ind2=" " ind1=" " tag="720">
      <subfield code="a">Berástegui, Esther</subfield>
      <subfield code="e">author</subfield>
   </datafield>
   <datafield ind2=" " ind1=" " tag="260">
      <subfield code="c">2020-05-27T10:30:40Z</subfield>
   </datafield>
   <datafield ind2=" " ind1=" " tag="260">
      <subfield code="c">2020-05-27T10:30:40Z</subfield>
   </datafield>
   <datafield ind2=" " ind1=" " tag="260">
      <subfield code="c">2018-02-01</subfield>
   </datafield>
   <datafield ind2=" " ind1=" " tag="260">
      <subfield code="c">2020-05-27T10:30:40Z</subfield>
   </datafield>
   <datafield ind2=" " ind1=" " tag="520">
      <subfield code="a">Objetivo: el propósito de este estudio fue determinar la rugosidad superficial, al someter al agregado de trióxido mineral (MTA) y al cemento Pórtland (CP) a diferentes irrigantes utilizados en endodoncia. Material y Métodos: se estudiaron un total de 210 muestras, 105 de cemento ProRoot MTA® blanco y 105 de CP blanco. Se seleccionaron los siguientes irrigantes: hipoclorito sódico al 2,5% y al 5%, ácido cítrico al 10% y al 20%, clorhexidina al 2%, EDTA al 17%, y suero fisiológico como control. Se expusieron 15 muestras de cada cemento por cada tipo de irrigante durante 15 minutos. El estudio de la rugosidad superficial se hizo con el microscopio Leica DCM 3D que permite una perfilometría con tecnología dual confocal e interferométrica. Se evaluó la rugosidad media (Ra), el valor cuadrático medio (RMS) y la profundidad de rugosidad máxima (PV) al inicio y a los 15 minutos de la inmersión de las muestras. Resultados: el CP aumentó significativamente la rugosidad en los parámetros Ra y RMS tras la irrigación con hipoclorito al 2,5%, ácido cítrico al 10% y al 20%, y suero fisiológico. En términos de PV el CP solo aumentó la rugosidad tras la irrigación con ácido cítrico al 20% y suero fisiológico. El MTA no mostró cambios significativos respecto a la rugosidad Ra, RMS y PV con ninguno de los irrigantes. Conclusiones: la rugosidad superficial del CP puede modificarse por la exposición a alguno de los irrigantes utilizados en endodoncia, mientras que la rugosidad del MTA no se modifica significativamente.</subfield>
   </datafield>
   <datafield tag="653" ind2=" " ind1=" ">
      <subfield code="a">Agregació (Química)</subfield>
   </datafield>
   <datafield tag="653" ind2=" " ind1=" ">
      <subfield code="a">Ciment pòrtland</subfield>
   </datafield>
   <datafield tag="653" ind2=" " ind1=" ">
      <subfield code="a">Endodòncia</subfield>
   </datafield>
   <datafield tag="653" ind2=" " ind1=" ">
      <subfield code="a">Aggregation (Chemistry)</subfield>
   </datafield>
   <datafield tag="653" ind2=" " ind1=" ">
      <subfield code="a">Portland cement</subfield>
   </datafield>
   <datafield tag="653" ind2=" " ind1=" ">
      <subfield code="a">Endodontics</subfield>
   </datafield>
   <datafield ind2="0" ind1="0" tag="245">
      <subfield code="a">Rugosidad superficial del agregado de trióxido mineral y el cemento pórtland expuestos a irrigantes endodóncicos</subfield>
   </datafield>
   <datafield ind2="0" ind1="0" tag="245">
      <subfield code="a">Surface roughness of the mineral trioxide aggregate and portland cement exposed to endodontic irrigants</subfield>
   </datafield>
</record></metadata></record></GetRecord></OAI-PMH>